[Event "Titled Tuesday intern op 28th Dec"]
[Site "Chess.com INT"]
[Date "2021.12.28"]
[Round "10"]
[White "Ljukin, Sergei"]
[Black "Hardaway, Brewington"]
[Result "0-1"]
[WhiteElo "2362"]
[BlackElo "2207"]
[PlyCount "96"]
[EventDate "2021.12.28"]
[EventType "swiss (blitz)"]
[EventRounds "11"]
[EventCountry "USA"]
[SourceTitle "CBM 206 Extra"]
[Source "ChessBase"]
[SourceDate "2022.03.31"]
[SourceVersion "1"]
[SourceVersionDate "2022.03.31"]
[SourceQuality "1"]

1. e4 c5 2. Nf3 d6 3. d4 cxd4 4. Nxd4 Nf6 5. Nc3 Nc6 6. Bc4 g6 7. Nxc6 bxc6 8. e5 d5 9. exf6 dxc4 10. Qxd8+ Kxd8 11. fxe7+ Bxe7 12. Bf4 Bf5 13. O-O-O+ Kc8 14. Rhe1 Bf6 15. Be5 Bxe5 16. Rxe5 Rd8 17. Rc5 Kb7 18. Rxc4 Be6 19. Rcd4 Rxd4 20. Rxd4 c5 21. Rd2 Kc6 22. b3 Rb8 23. Ne4 Rb4 24. c4 Bxc4 25. Ng5 Bd5 26. g3 h6 27. Nh7 Rd4 28. Nf6 Be6 29. Rxd4 cxd4 30. Kd2 Kc5 31. g4 Kb4 32. Kd3 Ka3 33. Kxd4 Kxa2 34. b4 Kb3 35. Kc5 Kc2 36. b5 Kd3 37. Ne8 Ke2 38. h3 Kxf2 39. Nc7 Kg3 40. Nxe6 fxe6 41. Kd6 Kxh3 42. Kxe6 Kxg4 43. Kd7 h5 44. Kc7 h4 45. Kb7 h3 46. Kxa7 h2 47. b6 h1=Q 48. b7 Qxb7+ 0-1

[Event "Titled Tuesday intern op 28th Dec"]
[Site "Chess.com INT"]
[Date "2021.12.28"]
[Round "10"]
[White "Maksimovic, Bojan"]
[Black "Walentukiewicz, Michal"]
[Result "0-1"]
[WhiteElo "2451"]
[BlackElo "2094"]
[PlyCount "78"]
[EventDate "2021.12.28"]
[EventType "swiss (blitz)"]
[EventRounds "11"]
[EventCountry "USA"]
[SourceTitle "CBM 206 Extra"]
[Source "ChessBase"]
[SourceDate "2022.03.31"]
[SourceVersion "1"]
[SourceVersionDate "2022.03.31"]
[SourceQuality "1"]

1. d4 g6 2. e4 Bg7 3. Nc3 c5 4. Nf3 cxd4 5. Nxd4 Nc6 6. Be3 Nf6 7. Nxc6 bxc6 8. e5 Nd5 9. Nxd5 cxd5 10. Qxd5 Rb8 11. O-O-O Qc7 12. f4 O-O 13. Qc5 Qb7 14. b3 d6 15. exd6 exd6 16. Qxa7 Qb4 17. a3 Qc3 18. Bd4 Bxd4 19. Qxd4 Rxb3 20. Qxc3 Rxc3 21. Kb2 Rc6 22. Bb5 Rb6 23. a4 Be6 24. c4 Bxc4 25. Kc3 Bxb5 26. axb5 Rfb8 27. g3 Rxb5 28. Rxd6 Rb3+ 29. Kd2 Rb2+ 30. Ke3 Rg2 31. Kf3 Rbb2 32. h4 h5 33. Rf1 Kg7 34. f5 gxf5 35. Ra6 Rgc2 36. Kf4 Rc3 37. Rg1 Rb4+ 38. Kg5 Rc5 39. Rf1 f4# 0-1

[Event "Titled Tuesday intern op 28th Dec"]
[Site "Chess.com INT"]
[Date "2021.12.28"]
[Round "10"]
[White "Manukian, Artak"]
[Black "Grineva, Marianna"]
[Result "0-1"]
[WhiteElo "2196"]
[BlackElo "1973"]
[PlyCount "44"]
[EventDate "2021.12.28"]
[EventType "swiss (blitz)"]
[EventRounds "11"]
[EventCountry "USA"]
[SourceTitle "CBM 206 Extra"]
[Source "ChessBase"]
[SourceDate "2022.03.31"]
[SourceVersion "1"]
[SourceVersionDate "2022.03.31"]
[SourceQuality "1"]

1. e4 d6 2. d4 g6 3. c4 Bg7 4. Nc3 Nd7 5. f4 e6 6. Nf3 Ne7 7. h4 Nf6 8. Be3 Ng4 9. Bg1 h5 10. Be2 Nc6 11. Ng5 Qf6 12. Nb5 O-O 13. Bxg4 hxg4 14. Qxg4 e5 15. Qg3 exd4 16. O-O-O d3 17. Nc3 Nb4 18. h5 Nxa2+ 19. Kd2 Nxc3 20. bxc3 Qxc3+ 21. Ke3 d2+ 22. Kf2 Bd4+ 0-1

[Event "Titled Tuesday intern op 28th Dec"]
[Site "Chess.com INT"]
[Date "2021.12.28"]
[Round "10"]
[White "Matinian, Nikita"]
[Black "Taboas Rodriguez, Daniel"]
[Result "0-1"]
[WhiteElo "2454"]
[BlackElo "2367"]
[PlyCount "60"]
[EventDate "2021.12.28"]
[EventType "swiss (blitz)"]
[EventRounds "11"]
[EventCountry "USA"]
[SourceTitle "CBM 206 Extra"]
[Source "ChessBase"]
[SourceDate "2022.03.31"]
[SourceVersion "1"]
[SourceVersionDate "2022.03.31"]
[SourceQuality "1"]

1. e4 e6 2. d4 d5 3. Nc3 Nc6 4. Bb5 Nf6 5. e5 Nd7 6. h4 a6 7. Be2 Ne7 8. h5 h6 9. f4 c5 10. Nf3 Nf5 11. g4 Ng3 12. Rg1 Nxe2 13. Nxe2 b6 14. c3 a5 15. Be3 Ba6 16. f5 Qc7 17. Nf4 Qc6 18. Rc1 O-O-O 19. Qc2 Kb7 20. fxe6 fxe6 21. Qg6 Qb5 22. Qxe6 Qxb2 23. Qxd5+ Ka7 24. Rg2 Qa3 25. Qf7 cxd4 26. Nxd4 Bc5 27. Nfe6 Bxd4 28. Nxd4 Rhf8 29. Qb3 Rf1+ 30. Kd2 Qxc1# 0-1

[Event "Titled Tuesday intern op 28th Dec"]
[Site "Chess.com INT"]
[Date "2021.12.28"]
[Round "10"]
[White "Mickiewicz, Piotr"]
[Black "Rytenko, Vsevolod"]
[Result "1-0"]
[WhiteElo "2294"]
[BlackElo "2362"]
[PlyCount "83"]
[EventDate "2021.12.28"]
[EventType "swiss (blitz)"]
[EventRounds "11"]
[EventCountry "USA"]
[SourceTitle "CBM 206 Extra"]
[Source "ChessBase"]
[SourceDate "2022.03.31"]
[SourceVersion "1"]
[SourceVersionDate "2022.03.31"]
[SourceQuality "1"]

1. Nf3 d5 2. c4 c6 3. e3 Nf6 4. b3 g6 5. Bb2 Bg7 6. Be2 O-O 7. O-O Bg4 8. h3 Bxf3 9. Bxf3 Nbd7 10. d4 e6 11. Nd2 Qa5 12. a3 Rfe8 13. b4 Qc7 14. Qb3 e5 15. cxd5 e4 16. dxc6 bxc6 17. Be2 Nd5 18. Rac1 Qd6 19. Qc2 Rac8 20. Nxe4 Qe7 21. Bf3 f5 22. Nd2 N7f6 23. b5 cxb5 24. Qb3 Rcd8 25. Rc5 Qf7 26. Rxb5 Nb6 27. Qxf7+ Kxf7 28. Rc1 Rd7 29. Rc6 Ne4 30. Nxe4 fxe4 31. Bd1 Bf8 32. Bb3+ Ke7 33. Rbxb6 axb6 34. Re6+ Kd8 35. Rxe8+ Kxe8 36. Ba4 Kd8 37. Bxd7 Kxd7 38. a4 Kc6 39. f3 Kd5 40. Kf2 Bb4 41. Ke2 h5 42. g4 1-0

[Event "Titled Tuesday intern op 28th Dec"]
[Site "Chess.com INT"]
[Date "2021.12.28"]
[Round "10"]
[White "Mirza, Diana"]
[Black "Pershina, Elena"]
[Result "1/2-1/2"]
[WhiteElo "1898"]
[BlackElo "2114"]
[PlyCount "144"]
[EventDate "2021.12.28"]
[EventType "swiss (blitz)"]
[EventRounds "11"]
[EventCountry "USA"]
[SourceTitle "CBM 206 Extra"]
[Source "ChessBase"]
[SourceDate "2022.03.31"]
[SourceVersion "1"]
[SourceVersionDate "2022.03.31"]
[SourceQuality "1"]

1. d4 e6 2. Nf3 d5 3. e3 Nf6 4. b3 g6 5. Bb2 Bg7 6. Nbd2 O-O 7. b4 b6 8. Ne5 Bb7 9. Bd3 a5 10. a3 axb4 11. axb4 Rxa1 12. Qxa1 Nbd7 13. O-O Nxe5 14. dxe5 Nd7 15. f4 c5 16. bxc5 bxc5 17. c4 Nb6 18. cxd5 Nxd5 19. Be4 Qc7 20. Nc4 Ra8 21. Qc1 Ba6 22. Re1 Rb8 23. Ba3 Nb4 24. Nd6 Qa5 25. Bxb4 cxb4 26. Qb2 b3 27. Ra1 Qb6 28. Kf2 Bf8 29. Rc1 Bxd6 30. Rc6 Qb5 31. exd6 Qf1+ 32. Kg3 Qe1+ 33. Qf2 Qxf2+ 34. Kxf2 Bc8 35. Rc1 Bd7 36. Rb1 Ba4 37. Ke2 Kf8 38. Kd2 Ke8 39. Kc3 Kd7 40. Bd3 Rc8+ 41. Kb4 Bc6 42. Rxb3 Rb8+ 43. Ka3 Rxb3+ 44. Kxb3 Bxg2 45. e4 Kxd6 46. e5+ Kd5 47. Kc3 Bf3 48. Kd2 Kd4 49. Bb5 h6 50. Be8 Ke4 51. Bxf7 Kxf4 52. Bxe6 Kxe5 53. Bh3 Be4 54. Ke3 g5 55. Kf2 h5 56. Kg3 Bf5 57. Bf1 Bc2 58. Be2 Bg6 59. h4 g4 60. Bb5 Bf7 61. Bd7 Ke4 62. Bxg4 hxg4 63. Kxg4 Ke5 64. Kg5 Ke6 65. Kh6 Ke7 66. Kg7 Be8 67. Kh6 Bh5 68. Kg5 Bf3 69. Kh6 Bd1 70. Kg7 Ke6 71. Kg6 Ke5 72. h5 Bxh5+ 1/2-1/2

[Event "Titled Tuesday intern op 28th Dec"]
[Site "Chess.com INT"]
[Date "2021.12.28"]
[Round "10"]
[White "Mitusov, Semen"]
[Black "Khanin, Semen"]
[Result "0-1"]
[WhiteElo "2304"]
[BlackElo "2512"]
[PlyCount "126"]
[EventDate "2021.12.28"]
[EventType "swiss (blitz)"]
[EventRounds "11"]
[EventCountry "USA"]
[SourceTitle "CBM 206 Extra"]
[Source "ChessBase"]
[SourceDate "2022.03.31"]
[SourceVersion "1"]
[SourceVersionDate "2022.03.31"]
[SourceQuality "1"]

1. e4 e5 2. Nf3 Nc6 3. Bc4 Bc5 4. c3 Nf6 5. d4 exd4 6. O-O d5 7. exd5 Nxd5 8. cxd4 Be7 9. Re1 O-O 10. Nc3 Be6 11. Ne4 h6 12. a3 Ne3 13. Bxe3 Bxc4 14. Nc3 Bd5 15. Ne5 Bf6 16. Nxd5 Qxd5 17. Nxc6 Qxc6 18. Rc1 Qd7 19. Qf3 c6 20. Bxh6 Qxd4 21. Be3 Qxb2 22. Rb1 Qc3 23. Rec1 Qxa3 24. Rxb7 Bd4 25. Rxc6 Bxe3 26. Qxe3 Rfe8 27. Qc1 Rad8 28. h3 Qa4 29. Qc4 Qxc4 30. Rxc4 a5 31. Ra4 Rd5 32. Ra7 Ree5 33. Ra2 g6 34. g3 Kg7 35. Kg2 Rb5 36. h4 Rf5 37. Ra6 Kf8 38. Ra7 Rfd5 39. Ra3 Rf5 40. Ra2 Kg7 41. Ra3 Kf6 42. Ra6+ Ke7 43. Ra2 Kd7 44. f3 Kc7 45. g4 Rfc5 46. Ra7+ Kb6 47. Rxf7 Rc6 48. Rf4 Rb4 49. Rf7 a4 50. Kg3 Rc3 51. Rf6+ Rc6 52. g5 Kb5 53. Rf8 Rc3 54. Ra8 Rbb3 55. R2xa4 Rxf3+ 56. Kg2 Rfc3 57. R4a5+ Kb4 58. Ra4+ Kb5 59. R8a5+ Kb6 60. Ra6+ Kc5 61. R4a5+ Kd4 62. Rxg6 Rb2+ 63. Kf1 Rc1# 0-1

[Event "Titled Tuesday intern op 28th Dec"]
[Site "Chess.com INT"]
[Date "2021.12.28"]
[Round "10"]
[White "Necula, Iulian"]
[Black "Qashashvili, Alexandre"]
[Result "1/2-1/2"]
[WhiteElo "1890"]
[BlackElo "2505"]
[PlyCount "136"]
[EventDate "2021.12.28"]
[EventType "swiss (blitz)"]
[EventRounds "11"]
[EventCountry "USA"]
[SourceTitle "CBM 206 Extra"]
[Source "ChessBase"]
[SourceDate "2022.03.31"]
[SourceVersion "1"]
[SourceVersionDate "2022.03.31"]
[SourceQuality "1"]

1. Nf3 c6 2. c4 d6 3. g3 Nf6 4. d4 g6 5. Bg2 Bg7 6. O-O Be6 7. b3 Qc8 8. Bb2 Bh3 9. Nbd2 h5 10. e4 h4 11. e5 hxg3 12. fxg3 Bxg2 13. Kxg2 Qh3+ 14. Kg1 dxe5 15. dxe5 Ng4 16. Qe2 Nd7 17. Rae1 O-O-O 18. Qg2 Qh5 19. h3 Qxh3 20. Qxh3 Rxh3 21. Kg2 Rdh8 22. Bd4 c5 23. Bg1 Ndxe5 24. Bxc5 Nd3 25. Bxa7 Nxe1+ 26. Rxe1 e5 27. Ne4 Nf6 28. Nd6+ Kc7 29. Nxf7 R8h5 30. N7xe5 Nd7 31. Nxg6 Rh6 32. Nf4 Bc3 33. Re7 Kd8 34. Rf7 Rh1 35. Bf2 Rd1 36. Ng5 Bd4 37. Nge6+ Ke8 38. Bxd4 Kxf7 39. Ng5+ Ke8 40. Bg7 Rhd6 41. Nd5 R1xd5 42. cxd5 Rxd5 43. Ne4 Ra5 44. a4 Kf7 45. Kf3 Kxg7 46. Nd6 Nc5 47. Nc4 Nxb3 48. Nxa5 Nxa5 49. Ke4 Kf6 50. Kd5 Ke7 51. Kc5 Kd7 52. Kb6 Nc4+ 53. Kxb7 Kd6 54. g4 Ke5 55. Ka6 Kf4 56. Kb5 Nd6+ 57. Kc6 Nc4 58. Kc5 Na5 59. Kb4 Nb7 60. Kb5 Kxg4 61. Kc6 Na5+ 62. Kb6 Nc4+ 63. Kb5 Nd6+ 64. Kc6 Nc4 65. Kc5 Na5 66. Kb6 Nc4+ 67. Kb5 Ne3 68. a5 Nd5 1/2-1/2

[Event "Titled Tuesday intern op 28th Dec"]
[Site "Chess.com INT"]
[Date "2021.12.28"]
[Round "10"]
[White "Nesterov, Arseniy"]
[Black "Alavkin, Arseny Nailievich"]
[Result "1/2-1/2"]
[WhiteElo "2523"]
[BlackElo "2373"]
[PlyCount "207"]
[EventDate "2021.12.28"]
[EventType "swiss (blitz)"]
[EventRounds "11"]
[EventCountry "USA"]
[SourceTitle "CBM 206 Extra"]
[Source "ChessBase"]
[SourceDate "2022.03.31"]
[SourceVersion "1"]
[SourceVersionDate "2022.03.31"]
[SourceQuality "1"]

1. d4 Nf6 2. c4 e6 3. Nc3 Bb4 4. Qc2 O-O 5. Nf3 d5 6. Bg5 h6 7. Bxf6 Qxf6 8. a3 Bxc3+ 9. Qxc3 c6 10. g3 b6 11. Bg2 Nd7 12. O-O Ba6 13. b3 Rac8 14. Rac1 dxc4 15. bxc4 c5 16. Rfd1 Rfd8 17. e3 cxd4 18. Rxd4 Nc5 19. Rcd1 Rxd4 20. Rxd4 Bb7 21. Ne1 Bxg2 22. Kxg2 Nb7 23. Nf3 Na5 24. Qd3 Nb7 25. h4 Nc5 26. Qd1 Qe7 27. Ne5 Qc7 28. Qh5 f5 29. f4 Qe7 30. g4 fxg4 31. Qxg4 Qf6 32. h5 Rf8 33. Ng6 Re8 34. Ne5 Rc8 35. Kg3 Qf5 36. Qxf5 exf5 37. Kf3 Ne4 38. Rd7 Nf6 39. Rxa7 Nxh5 40. Rb7 Ra8 41. Rxb6 Rxa3 42. c5 Nf6 43. c6 Nd5 44. Rb5 Nxe3 45. Ke2 Rc3 46. c7 Rxc7 47. Kxe3 g5 48. fxg5 hxg5 49. Nf3 Re7+ 50. Kf2 g4 51. Nh4 Rf7 52. Kg3 Kh7 53. Nxf5 Kg6 54. Kxg4 Rd7 55. Rb6+ Kf7 56. Kg5 Rd1 57. Rb7+ Kf8 58. Kf6 Ke8 59. Rc7 Kd8 60. Rc3 Re1 61. Rc4 Kd7 62. Rd4+ Kc6 63. Rd2 Kc5 64. Nd6 Kc6 65. Kf5 Rf1+ 66. Ke5 Re1+ 67. Ne4 Re3 68. Rc2+ Kd7 69. Rc4 Re1 70. Rc5 Re2 71. Rc1 Re3 72. Kd4 Rh3 73. Kd5 Rh5+ 74. Kd4 Rh4 75. Ke5 Rh5+ 76. Kf4 Ra5 77. Rc2 Ke6 78. Nc5+ Kd5 79. Ne4 Ra4 80. Rc5+ Kd4 81. Rc8 Kd3 82. Rd8+ Rd4 83. Re8 Rc4 84. Kf3 Rd4 85. Nc5+ Kc4 86. Ne6 Rd3+ 87. Ke4 Rd7 88. Rc8+ Kb5 89. Ke5 Rd1 90. Nd4+ Kb4 91. Kd5 Rh1 92. Rc4+ Ka3 93. Rc3+ Kb2 94. Rc2+ Ka3 95. Rg2 Kb4 96. Rb2+ Kc3 97. Rb3+ Kd2 98. Nf3+ Ke2 99. Ke4 Rh8 100. Rb2+ Kf1 101. Nh2+ Kg1 102. Ng4 Kf1 103. Kf3 Rf8+ 104. Kg3 1/2-1/2

[Event "Titled Tuesday intern op 28th Dec"]
[Site "Chess.com INT"]
[Date "2021.12.28"]
[Round "10"]
[White "Nikologorskiy, Konstantin"]
[Black "Visakh, Narayanan Rajeswari"]
[Result "0-1"]
[WhiteElo "2413"]
[BlackElo "2515"]
[PlyCount "108"]
[EventDate "2021.12.28"]
[EventType "swiss (blitz)"]
[EventRounds "11"]
[EventCountry "USA"]
[SourceTitle "CBM 206 Extra"]
[Source "ChessBase"]
[SourceDate "2022.03.31"]
[SourceVersion "1"]
[SourceVersionDate "2022.03.31"]
[SourceQuality "1"]

1. d4 Nf6 2. c4 e6 3. Nf3 Bb4+ 4. Bd2 c5 5. Bxb4 cxb4 6. e3 a5 7. Bd3 b6 8. O-O Bb7 9. a3 Na6 10. Nbd2 O-O 11. Ne5 d6 12. Ng4 e5 13. h3 Re8 14. d5 bxa3 15. bxa3 Nc5 16. Nxf6+ Qxf6 17. Ne4 Nxe4 18. Bxe4 Ba6 19. Qb3 Qd8 20. Rab1 Rb8 21. Rfc1 Qc7 22. h4 g6 23. h5 Kg7 24. Qd1 Rec8 25. Bd3 Qd7 26. Qf3 Qe7 27. g3 Re8 28. Be2 Qg5 29. Kg2 Qf5 30. Qxf5 gxf5 31. Rb2 Rec8 32. Rcb1 Bxc4 33. Bxc4 Rxc4 34. Rxb6 Rxb6 35. Rxb6 Rc3 36. Rxd6 h6 37. Ra6 Rxa3 38. d6 Rd3 39. g4 fxg4 40. Kg3 f5 41. Rxa5 Kf6 42. Ra6 Kg5 43. Kg2 f4 44. exf4+ exf4 45. f3 Rd2+ 46. Kf1 gxf3 47. Ra5+ Kg4 48. Ra6 Kg3 49. Ke1 Re2+ 50. Kd1 Re5 51. d7 Rd5+ 52. Ke1 f2+ 53. Ke2 f3+ 54. Ke3 f1=Q 0-1

[Event "Titled Tuesday intern op 28th Dec"]
[Site "Chess.com INT"]
[Date "2021.12.28"]
[Round "10"]
[White "Novikova, Galina"]
[Black "Broca Jimenez, Fernando"]
[Result "1-0"]
[WhiteElo "2073"]
[BlackElo "2075"]
[PlyCount "69"]
[EventDate "2021.12.28"]
[EventType "swiss (blitz)"]
[EventRounds "11"]
[EventCountry "USA"]
[SourceTitle "CBM 206 Extra"]
[Source "ChessBase"]
[SourceDate "2022.03.31"]
[SourceVersion "1"]
[SourceVersionDate "2022.03.31"]
[SourceQuality "1"]

1. e4 c5 2. Nf3 d6 3. d4 cxd4 4. Nxd4 Nf6 5. Nc3 g6 6. Be3 Bg7 7. f3 O-O 8. Qd2 Nc6 9. g4 Nxd4 10. Bxd4 Qa5 11. h4 h5 12. gxh5 Nxh5 13. Bxg7 Kxg7 14. Bc4 Bd7 15. O-O-O Qe5 16. Kb1 b5 17. Bb3 a5 18. Bd5 Rac8 19. Ne2 Ng3 20. f4 Nxe4 21. fxe5 Nxd2+ 22. Rxd2 dxe5 23. Bxf7 Rxf7 24. Rxd7 Rf2 25. Re1 Kf6 26. Ra7 Rc4 27. Ra6+ e6 28. Nc3 Rh2 29. Rxa5 b4 30. Na4 Rcxc2 31. Raxe5 Rc6 32. R5e4 e5 33. Rxb4 Rd6 34. Nc3 Rdd2 35. Ne4+ 1-0

[Event "Titled Tuesday intern op 28th Dec"]
[Site "Chess.com INT"]
[Date "2021.12.28"]
[Round "10"]
[White "Ovetchkin, Roman"]
[Black "Rustemov, Alexander"]
[Result "1/2-1/2"]
[WhiteElo "2518"]
[BlackElo "2525"]
[PlyCount "111"]
[EventDate "2021.12.28"]
[EventType "swiss (blitz)"]
[EventRounds "11"]
[EventCountry "USA"]
[SourceTitle "CBM 206 Extra"]
[Source "ChessBase"]
[SourceDate "2022.03.31"]
[SourceVersion "1"]
[SourceVersionDate "2022.03.31"]
[SourceQuality "1"]

1. d4 d5 2. c4 dxc4 3. e3 e6 4. Bxc4 c5 5. Nf3 a6 6. O-O Nf6 7. dxc5 Qxd1 8. Rxd1 Bxc5 9. Be2 Nbd7 10. Nbd2 b6 11. Nb3 Be7 12. Nfd2 Bb7 13. f3 Ne5 14. e4 g5 15. Nc4 Nxc4 16. Bxc4 Nd7 17. Be3 O-O-O 18. Rac1 Kb8 19. Bd4 Bf6 20. Bxf6 Nxf6 21. Kf2 Rxd1 22. Rxd1 Kc7 23. Ke3 h5 24. Be2 h4 25. Nd2 b5 26. b4 Nd7 27. Nb3 Bc6 28. Rc1 Ne5 29. g3 hxg3 30. hxg3 Rh3 31. Rg1 Kd6 32. Nd2 f5 33. exf5 exf5 34. f4 gxf4+ 35. Kxf4 Rh2 36. Re1 Rf2+ 37. Ke3 Rg2 38. Kf4 Bd5 39. a3 Ng6+ 40. Kxf5 Rxg3 41. Nb1 Nh4+ 42. Kf4 Rb3 43. Rd1 Ng2+ 44. Kg5 Ne3 45. Rc1 Ke5 46. Rc3 Rxb1 47. Rxe3+ Kd4 48. Rg3 Bc4 49. Bg4 Rb3 50. Rxb3 Bxb3 51. Bc8 Ba4 52. Bxa6 Kc3 53. Kf5 Kb3 54. Ke5 Kxa3 55. Kd4 Kxb4 56. Bxb5 1/2-1/2

[Event "Titled Tuesday intern op 28th Dec"]
[Site "Chess.com INT"]
[Date "2021.12.28"]
[Round "10"]
[White "Panesar, Vedant"]
[Black "Tsyhanchuk, Stanislav"]
[Result "0-1"]
[WhiteElo "2379"]
[BlackElo "2283"]
[PlyCount "138"]
[EventDate "2021.12.28"]
[EventType "swiss (blitz)"]
[EventRounds "11"]
[EventCountry "USA"]
[SourceTitle "CBM 206 Extra"]
[Source "ChessBase"]
[SourceDate "2022.03.31"]
[SourceVersion "1"]
[SourceVersionDate "2022.03.31"]
[SourceQuality "1"]

1. e4 c6 2. d4 Na6 3. Nf3 g6 4. Bd3 Bg7 5. O-O d5 6. c3 Nc7 7. Nbd2 Bg4 8. h3 Bxf3 9. Qxf3 e6 10. exd5 cxd5 11. Nb3 Ne7 12. Bg5 O-O 13. Rfe1 b6 14. Qe3 Qd6 15. Bf4 Qd7 16. h4 Nf5 17. Bxf5 exf5 18. Bxc7 Qxc7 19. Qf3 Qd7 20. Nc1 Rfe8 21. Nd3 Re4 22. Qg3 Rae8 23. f3 Re3 24. Ne5 Bxe5 25. dxe5 d4 26. Rad1 R8xe5 27. Qxe5 Rxe5 28. Rxe5 d3 29. Re3 Qa4 30. Rexd3 Qxa2 31. R1d2 Qc4 32. Rd4 Qc7 33. Kf2 Qh2 34. Re2 f4 35. Re8+ Kg7 36. Rd7 Qxh4+ 37. Ke2 a5 38. Ree7 Qf6 39. Kd3 h5 40. Kc4 g5 41. Kb5 g4 42. Rb7 gxf3 43. gxf3 h4 44. Re2 h3 45. Rxb6 Qg5+ 46. Ka4 Qg2 47. Rxg2+ hxg2 48. Rb5 g1=Q 49. Rxa5 Qa1+ 50. Kb5 Qxb2+ 51. Kc4 Qe2+ 52. Kb4 Qxf3 53. c4 Qc6 54. c5 f3 55. Ra2 Qe4+ 56. Kb5 Qb7+ 57. Kc4 f5 58. Rd2 Kf6 59. Rd6+ Ke5 60. Rd2 Ke4 61. Rd4+ Ke3 62. Rd6 f2 63. c6 Qc7 64. Re6+ Kf3 65. Kd5 f1=Q 66. Re5 Qd3+ 67. Ke6 Qdd6+ 68. Kxf5 Qxe5+ 69. Kg6 Qcg7# 0-1

[Event "Titled Tuesday intern op 28th Dec"]
[Site "Chess.com INT"]
[Date "2021.12.28"]
[Round "10"]
[White "Pastar, Slaven"]
[Black "Gracia Alvarez, Gerardo Antonio"]
[Result "0-1"]
[WhiteElo "2337"]
[BlackElo "2237"]
[PlyCount "112"]
[EventDate "2021.12.28"]
[EventType "swiss (blitz)"]
[EventRounds "11"]
[EventCountry "USA"]
[SourceTitle "CBM 206 Extra"]
[Source "ChessBase"]
[SourceDate "2022.03.31"]
[SourceVersion "1"]
[SourceVersionDate "2022.03.31"]
[SourceQuality "1"]

1. b3 e5 2. Bb2 Nc6 3. Nf3 e4 4. Nd4 Nxd4 5. Bxd4 Nf6 6. e3 c5 7. Bb2 d5 8. d3 exd3 9. Bxd3 Be7 10. O-O O-O 11. c4 Be6 12. cxd5 Nxd5 13. Be4 Qd7 14. Qf3 Bg4 15. Qg3 Nf6 16. Nc3 Nxe4 17. Nxe4 Qe6 18. f3 f5 19. Nf2 Bd6 20. Qh4 Be7 21. Qg3 Bd6 22. f4 Rf7 23. e4 Bf8 24. Rae1 Bh5 25. exf5 Qxf5 26. Re5 Qg6 27. Rg5 Qh6 28. f5 Be2 29. Re1 Re8 30. f6 Kh8 31. fxg7+ Bxg7 32. Rxg7 Rxg7 33. Ne4 Bb5 34. Nd6 Rxe1+ 35. Qxe1 Qxd6 36. Bxg7+ Kxg7 37. a4 Qd4+ 38. Kh1 Bc6 39. Qg3+ Kf7 40. h3 Qd1+ 41. Kh2 Qd5 42. Qc7+ Qd7 43. Qf4+ Ke7 44. Qe5+ Qe6 45. Qg5+ Kd7 46. Qxc5 Qd6+ 47. Qxd6+ Kxd6 48. Kg3 a5 49. h4 Bd5 50. h5 Bxb3 51. h6 Bxa4 52. Kf4 Be8 53. g4 a4 54. g5 a3 55. Ke3 a2 56. g6 Bxg6 0-1

[Event "Titled Tuesday intern op 28th Dec"]
[Site "Chess.com INT"]
[Date "2021.12.28"]
[Round "10"]
[White "Pert, Nicholas"]
[Black "Shubenkova, Veronika"]
[Result "1-0"]
[WhiteElo "2546"]
[BlackElo "1762"]
[PlyCount "163"]
[EventDate "2021.12.28"]
[EventType "swiss (blitz)"]
[EventRounds "11"]
[EventCountry "USA"]
[SourceTitle "CBM 206 Extra"]
[Source "ChessBase"]
[SourceDate "2022.03.31"]
[SourceVersion "1"]
[SourceVersionDate "2022.03.31"]
[SourceQuality "1"]

1. Nf3 d5 2. g3 Nf6 3. Bg2 g6 4. d4 Bg7 5. c4 c6 6. cxd5 cxd5 7. Nc3 Nc6 8. Ne5 O-O 9. O-O e6 10. Nxc6 bxc6 11. Bf4 Ba6 12. Qa4 Qb6 13. b3 Nd7 14. Rfd1 e5 15. dxe5 Nxe5 16. Be3 Qb7 17. Rac1 Rad8 18. Bd4 Rfe8 19. e3 Nd3 20. Rc2 Nb4 21. Rcd2 Bf8 22. a3 Bb5 23. Qxa7 Qxa7 24. Bxa7 Ra8 25. Nxb5 cxb5 26. axb4 Rxa7 27. Rxd5 Bxb4 28. Rxb5 Bf8 29. Rb7 Rxb7 30. Bxb7 Rb8 31. Rd7 Bb4 32. Bd5 Rf8 33. Rb7 Bd6 34. b4 Kg7 35. b5 Kf6 36. e4 g5 37. b6 Be5 38. Rd7 h5 39. h3 h4 40. gxh4 gxh4 41. b7 Bb8 42. Kg2 Ke5 43. Rxf7 Rxf7 44. Bxf7 Kxe4 45. Be8 Bc7 46. Bd7 Bb8 47. Bg4 Bc7 48. Kf1 Kd3 49. Bf5+ Kd4 50. Ke2 Ke5 51. Bg4 Kf4 52. Kd3 Ke5 53. Kc4 Kd6 54. f4 Kc6 55. Bf3+ Kb6 56. f5 Bd6 57. Kd5 Bf4 58. Ke6 Kc7 59. f6 Bh6 60. Ke7 Bg5 61. Bg2 Kb8 62. Ke6 Kc7 63. f7 Bh6 64. Ke7 Bg5+ 65. Ke8 Bh6 66. f8=Q Bxf8 67. Kxf8 Kb8 68. Kg7 Kc7 69. Kg6 Kb8 70. Kg5 Kc7 71. Kxh4 Kb8 72. Kg5 Kc7 73. h4 Kb8 74. h5 Kc7 75. h6 Kb8 76. h7 Ka7 77. h8=Q Ka6 78. Qa8+ Kb6 79. b8=Q+ Kc5 80. Qc6+ Kd4 81. Qf4+ Kd3 82. Qcc4# 1-0

[Event "Titled Tuesday intern op 28th Dec"]
[Site "Chess.com INT"]
[Date "2021.12.28"]
[Round "10"]
[White "Petrova, Irina"]
[Black "Schrik, Rachid"]
[Result "1-0"]
[WhiteElo "2141"]
[BlackElo "2211"]
[PlyCount "57"]
[EventDate "2021.12.28"]
[EventType "swiss (blitz)"]
[EventRounds "11"]
[EventCountry "USA"]
[SourceTitle "CBM 206 Extra"]
[Source "ChessBase"]
[SourceDate "2022.03.31"]
[SourceVersion "1"]
[SourceVersionDate "2022.03.31"]
[SourceQuality "1"]

1. e4 c5 2. Nf3 Nc6 3. Bb5 Nf6 4. Bxc6 dxc6 5. d3 Bg4 6. Nc3 Nd7 7. Be3 e5 8. h3 Bh5 9. Qd2 f6 10. Nh2 g5 11. Nf1 Bg6 12. Ng3 h5 13. Nf5 Qc7 14. O-O-O O-O-O 15. g4 Kb8 16. Kb1 Bd6 17. Na4 Rh7 18. Qc3 b6 19. Qb3 Bf7 20. Qc3 Be6 21. b3 Rdh8 22. Rhg1 hxg4 23. hxg4 Rh3 24. Nb2 Nf8 25. Nc4 Bxc4 26. dxc4 Be7 27. Qd2 Ne6 28. Qd7 R3h7 29. Qxe6 1-0

[Event "Titled Tuesday intern op 28th Dec"]
[Site "Chess.com INT"]
[Date "2021.12.28"]
[Round "10"]
[White "Popadic, Dragan"]
[Black "Omariev, Maksim"]
[Result "1-0"]
[WhiteElo "2143"]
[BlackElo "2304"]
[PlyCount "35"]
[EventDate "2021.12.28"]
[EventType "swiss (blitz)"]
[EventRounds "11"]
[EventCountry "USA"]
[SourceTitle "CBM 206 Extra"]
[Source "ChessBase"]
[SourceDate "2022.03.31"]
[SourceVersion "1"]
[SourceVersionDate "2022.03.31"]
[SourceQuality "1"]

1. e4 c5 2. Nc3 d6 3. f4 Nc6 4. Nf3 g6 5. Bc4 Bg7 6. d3 e6 7. O-O Nge7 8. Qe1 h6 9. Bb3 a6 10. a4 O-O 11. f5 exf5 12. Qh4 fxe4 13. dxe4 Nd4 14. Bxh6 Nxb3 15. Bxg7 Kxg7 16. Ng5 Rh8 17. Rxf7+ Kg8 18. Rh7 1-0

[Event "Titled Tuesday intern op 28th Dec"]
[Site "Chess.com INT"]
[Date "2021.12.28"]
[Round "10"]
[White "Ramirez, Vido Robert"]
[Black "Bashylina, Luisa"]
[Result "0-1"]
[WhiteElo "2104"]
[BlackElo "1891"]
[PlyCount "48"]
[EventDate "2021.12.28"]
[EventType "swiss (blitz)"]
[EventRounds "11"]
[EventCountry "USA"]
[SourceTitle "CBM 206 Extra"]
[Source "ChessBase"]
[SourceDate "2022.03.31"]
[SourceVersion "1"]
[SourceVersionDate "2022.03.31"]
[SourceQuality "1"]

1. Nf3 Nf6 2. g3 g6 3. Bg2 Bg7 4. O-O d5 5. d3 O-O 6. Nbd2 c5 7. e4 Nc6 8. Re1 e5 9. exd5 Nxd5 10. Nc4 f6 11. a3 Be6 12. Rb1 Rc8 13. Bd2 Qd7 14. b4 b5 15. Ne3 cxb4 16. axb4 Kh8 17. Nxd5 Bxd5 18. Be3 Rfe8 19. Bc5 f5 20. c4 Be6 21. cxb5 Nd4 22. Nxd4 exd4 23. Bc6 Rxc6 24. b6 axb6 0-1